| 000 | 00389nam a2200133 a 4500 | ||
|---|---|---|---|
| 005 | 20140414093845.0 | ||
| 008 | 091005s19uu xx 00 eng d | ||
| 050 |
_aCDR 370.1 _bEXA-nov 2004 |
||
| 245 |
_aExamination paper and markscheme pack : _bNovember 2004 examination session. |
||
| 650 | _aExaminations. | ||
| 650 | _aInternational Baccalaureate. | ||
| 942 | _cAVM | ||
| 999 |
_c109529 _d109529 |
||